[Event "Istanbul Bagcilar op"]
[Site "Istanbul"]
[Date "2023.09.08"]
[Round "8"]
[White "Akdas, Emre"]
[Black "Yilmaz, Kerem Tuna"]
[Result "0-1"]
[WhiteElo "1670"]
[BlackElo "2017"]
[PlyCount "108"]
[EventDate "2023.09.03"]
[EventType "swiss"]
[EventRounds "9"]
[EventCountry "TUR"]
[SourceTitle "EXT 2024"]
[Source "ChessBase"]
[SourceDate "2023.10.10"]
[SourceVersion "1"]
[SourceVersionDate "2023.10.10"]
[SourceQuality "1"]

1. e4 e5 2. Nf3 Nc6 3. Bb5 a6 4. Ba4 Nf6 5. 0-0 Be7 6. Re1 b5 7. Bb3 0-0 8. c3 d5 9. exd5 Nxd5 10. Nxe5 Nxe5 11. Rxe5 c6 12. d4 Bd6 13. Rh5 g6 14. Bxd5 cxd5 15. Rh6 Re8 16. g3 Bg4 17. Qf1 Bf8 18. Rh4 Be2 19. Qh3 h5 20. Be3 Rxe3 21. fxe3 Qe7 22. e4 dxe4 23. Nd2 f5 24. Re1 Bg4 25. Rxg4 hxg4 26. Qg2 Re8 27. Nf1 Bh6 28. Ne3 Qe6 29. a3 Qa2 30. Qc2 a5 31. Ng2 Qc4 32. Qe2 Qd5 33. Ne3 Qb3 34. Ng2 Rc8 35. Ra1 Kh7 36. Rf1 Rc4 37. Rf2 b4 38. axb4 axb4 39. Qc2 Qa2 40. Re2 bxc3 41. bxc3 Qa1+ 42. Re1 Qxc3 43. Qxc3 Rxc3 44. Rd1 Kg7 45. d5 Kf7 46. Nh4 Bg5 47. d6 Bxh4 48. gxh4 Rd3 49. Ra1 Rxd6 50. Ra7+ Kf6 51. Kf2 f4 52. Ra2 e3+ 53. Ke2 Ke5 54. Ra5+ Ke4 0-1

[Event "TUR-ch U13/18"]
[Site "Antalya"]
[Date "2023.01.27"]
[Round "9"]
[White "Yilmaz, Kerem Tuna"]
[Black "Portakalci, Yusuf"]
[Result "0-1"]
[WhiteElo "1706"]
[BlackElo "1729"]
[PlyCount "102"]
[EventDate "2023.01.17"]
[EventType "swiss"]
[EventRounds "10"]
[EventCountry "TUR"]
[SourceTitle "EXT 2024"]
[Source "ChessBase"]
[SourceDate "2023.10.10"]
[SourceVersion "1"]
[SourceVersionDate "2023.10.10"]
[SourceQuality "1"]

1. e4 c5 2. Nf3 d6 3. d4 cxd4 4. Nxd4 Nf6 5. Nc3 a6 6. Be2 e5 7. Nb3 Be7 8. Be3 Be6 9. 0-0 Qc7 10. a4 Nbd7 11. a5 0-0 12. f4 Rac8 13. Bf3 Rfe8 14. Rf2 Bxb3 15. cxb3 exf4 16. Bxf4 Ne5 17. Rd2 Qc5+ 18. Kh1 Bf8 19. Ra4 Nfd7 20. Bg4 Nxg4 21. Qxg4 Ne5 22. Qg3 Qb5 23. Ra1 Qxb3 24. Rf1 Nc4 25. Rd3 Nxb2 26. Rdf3 Qe6 27. Nd5 Nc4 28. Qh4 Kh8 29. Rg3 f6 30. Rh3 Qxe4 31. Qh5 Ne5 32. Nc3 Qg6 33. Qd1 h6 34. Nd5 Qc2 35. Qh5 Qg6 36. Qd1 Rc5 37. Rg3 Qf7 38. Ne3 Ng6 39. Bxd6 Rd8 40. Qb1 Bxd6 41. Rxg6 Rxa5 42. Ng4 Rh5 43. Nxf6 Rf8 44. Rf3 gxf6 45. Rfxf6 Qxf6 46. Rxf6 Rxf6 47. g3 Rb5 48. Qe4 Bf8 49. Qd4 Bg7 50. Qd8+ Rf8 51. Qd3 Rb2 0-1

[Event "Troya op 26th"]
[Site "Canakkale"]
[Date "2018.08.08"]
[Round "4"]
[White "Bozkurt, Serkan"]
[Black "Yilmaz, Kerem Tuna"]
[Result "1-0"]
[WhiteElo "1610"]
[BlackElo "1500"]
[PlyCount "53"]
[EventDate "2018.08.06"]
[EventType "swiss"]
[EventRounds "9"]
[EventCountry "TUR"]
[SourceTitle "EXT 2019"]
[Source "ChessBase"]
[SourceDate "2018.10.10"]
[SourceVersion "1"]
[SourceVersionDate "2018.10.10"]
[SourceQuality "1"]

1. d4 Nf6 2. Nf3 d5 3. g3 Bf5 4. Bg2 e6 5. 0-0 Bd6 6. c4 c6 7. Qb3 Qc8 8. Nc3 0-0 9. Nh4 Bg6 10. Nxg6 hxg6 11. Bh3 Nbd7 12. Bg5 Qb8 13. Rfe1 Nh7 14. Bd2 f5 15. e4 f4 16. Bxe6+ Kh8 17. e5 Nxe5 18. dxe5 Bxe5 19. Ne2 Ng5 20. Bg4 dxc4 21. Qxc4 fxg3 22. hxg3 b5 23. Qc2 Nf3+ 24. Bxf3 Rxf3 25. Kg2 Qf8 26. Nf4 Bxf4 27. Bxf4 1-0